000 00576nam a2200181Ia 4500
999 _c37031
_d37031
003 OSt
005 20210127124442.0
008 190216s9999||||xx |||||||||||||| ||und||
040 _coclc
082 _a954.076
_bRED/I
100 _aReddy, K Krishna
_98380
245 0 _aIndian History For The UPSC Civil Services Preliminary Examination /
_cK Krishna Reddy
250 _a3rd Ed.
260 _bTata Mcgraw Hill Publishing Company Ltd,
_c2007.
_aNew Delhi:
300 _a1265p
650 _aHistory
942 _cREF
_2ddc
_h954.076
_iRED/I
_k954.076
_mRED/I